Konrád György születésnapjára
Elmentve itt :
| Szerző: | |
|---|---|
| Adatforrás: | Meister |
| Forrásdokumentuma: | A Hét. - 14 sz., 1993, 9 p. |
| Nyelv: | magyar |
| Kulcsszavak: | művelődéstörténet KONRÁD György |
| LEADER | 00367nab a2200133 i 4500 | ||
|---|---|---|---|
| 001 | bibPRO00000003 | ||
| 008 | 060524s1993 xx hun | ||
| 040 | |a Sz1 | ||
| 041 | |a hun | ||
| 100 | 1 | |a GÁLFALVI György | |
| 245 | 1 | 0 | |a Konrád György születésnapjára |c GÁLFALVI György |
| 695 | |a művelődéstörténet | ||
| 695 | |a KONRÁD György | ||
| 773 | 0 | |t A Hét. - |g 14 sz., 1993, 9 p. | |